Biomes of the World - Statistics

General Stats
  • This quiz has been taken 526 times
  • The average score is 4 of 11
Answer Stats
Hint Answer % Correct
Frozen Plain Tundra
93%
Hot and Dry Desert
90%
Tropical Moist Broadleaf Rainforest
65%
Non-Frozen Plain Temperate Grassland
57%
Tropical Grassland Savanna
56%
Largest Land Hiome Taiga
51%
Grape Growing Mediterranean
20%
Antarctica and Greenland Ice Cap
10%
Multiple Different Non-Evergreen Treees Temperate Broadleaf Forest
4%
Wet Savanna Flooded Grassland
1%
Warm Evergreen Forest Tropical Coniferous Forest
1%
No matching quizzes found
Score Distribution
Percent of People with Each Score
Percentile by Number Answered
Your Score History
You have not taken this quiz